| 000 | 00316nam a2200109 4500 | ||
|---|---|---|---|
| 999 |
_c9632 _d9632 |
||
| 008 | 180712b ||||| |||| 00| 0 eng d | ||
| 245 | _aPhysical labor linked to disability after retirement. | ||
| 260 |
_aPhilippines _bThe Philippine Star _cc2016 |
||
| 300 | _apage 9. | ||
| 650 | 0 |
_928575 _aRetirement. |
|
| 942 |
_2ddc _cPER |
||